History Quiz

Random History or Puzzle Quiz
Score 0/30 Timer 06:00
7 Plays Today
% Correct
Berlin Wall
95.6%
Depression
94%
Prohibition
91.8%
Mona Lisa
89.1%
Sistine
88.6%
Parks
88.1%
Spain
86.9%
Joseph Stalin
85%
Lee Harvey Oswald
84.4%
Axis
82.5%
Tet
82.2%
Slavery
80.9%
Gothic
78.1%
Ming
77.7%
FBI
76%
% Correct
Amelia
75.4%
Harry
74.6%
Nuremberg
73.6%
Idi
73%
Reign of Terror
72.6%
Tennis
71.8%
McKinley
69%
Yom Kippur War
67%
Tenochtitlan
66.7%
Patrick Henry
66.4%
Shaka
59.4%
Egypt
58.2%
Zen
55.2%
Tim
55.1%
LEWIS AND CLARK
36.9%
Remove Ads.
Support Sporcle.
Get the best of Sporcle when you Go Orange. This ad-free experience offers more features, more stats, and more fun while also helping to support Sporcle. Thank you for becoming a member.

You're not logged in!

Compare scores with friends on all Sporcle quizzes.
OR
Log In

Show Comments

Extras

Top Quizzes Today


Score Distribution

Your Account Isn't Verified!

In order to create a playlist on Sporcle, you need to verify the email address you used during registration. Go to your Sporcle Settings to finish the process.

Report this User

Report this user for behavior that violates our Community Guidelines.

Details: